000 00637nam a2200253Ia 4500
001 36779
005 20240114001907.0
007 ta
008 170525s1966 ii a g b000 u 465 u
040 _aCotton College,Assam
041 _a465
082 _a796.358
_bK 131 B
100 _aKanhai, Rohan .
245 0 _aBlasting for Runs /
_cRohan Kanhai.
_hTextual Documents
250 _a1st ed. /
260 _aLondon :
_bSouvenir Press ,
_c©1966.
300 _a128p. :
_bill ;
_c22cm .
653 _aGames
653 _aCricket
653 _aG-Technology
942 _2ddc
_cBK
999 _c36761
_d36761